01299 am a2200337 a 450000500170000000800410001702000150005804100080007310000260008124500600010725000110016726000510017830000160022950001110024565300330035665300520038965300260044165300550046765300720052265300600059465300560065465300170071065300780072765300250080565300200083065300220085065300170087265300270088970000240091670000210094020231213090531.0100915s1998||||xxua f |||| 001 0 eng d a0683034456 aeng1 aGelehrter, Thomas D.. aPrinciples of medical genetics / cThomas D. Gelehrter a2a ed. aMaryland [EE.UU]: bWilliams y Wilkins;c1998. a410 p.bil. aGelehrter, T. D. (1998). Principles of medical genetics. (2th ed.). Maryland [EE.UU] : Williams y Wilkins. aRole of genetics in medicine aStructure and behavior of genes and chromosomes aMendelian inheritance aPopulation genetics and multifactorial inheritance aMolecular genetics: gene organization, regulation, and manipulation aMolecular genetics of human disease: hemoglobinopathies aBiochemical and molecular genetics of human disease aCytogenetics aAnatomy of the human genome: gene mapping, lonkage and positional cloning aHuman genome project aCancer genetics aClinical genetics aGene therapy aEthical considerations1 aCollins, Francis S.1 aGinsburg, David.